Quizzes
Events
Quiz Creation
Community
Videos
Private Events
Remove Ads
Sign In
Join for FREE
Feedback
Dark Mode
Quiz Categories
Sports
Geography
Music
Movies
Television
Just For Fun
Miscellaneous
History
Literature
Language
Science
Gaming
Entertainment
Religion
Holiday
For Kids
Quiz Lab
Recent
Popular Today
Quiz Kudos Today
Editor Picks
Curator Picks
Quizzes by...
Day
Popularity
Type
Ratings
Length
Year
Community
Subscriptions
Recent Discussions
Orange Saloon
Badges
Playlists
Quests
Create
Leaderboards
Showdown
Live 5
Trivia Bingo
Activity
Puzzle Library
Sporcle Events
Private Events
Virtual Trivia
Globe League
Become a Host
Pub Owners
SporcleCon
Opinionation
Our Games
Videos
Blog
Mobile Apps
Partnerships
Remove Ads and Go Orange
Feedback
Sports
Athletes
MLB
NBA
NHL
NFL
Soccer
Sports Teams
WWE
NCAA
Football
Premier League
Basketball
Baseball
Hockey
Golf
Tennis
Cricket
Rugby
Auto Racing
Olympics
World Cup
Sports
Athletes
MLB
NBA
NHL
NFL
Soccer
Sports Teams
WWE
NCAA
Football
Premier League
Basketball
Baseball
Hockey
Golf
Tennis
Cricket
Rugby
Auto Racing
Olympics
World Cup
Random Quiz
Search Sporcle
×
Quiz Lab
Quiz Lab
Sports
Clickable
Select answers by clicking on text or image buttons
Select answers by clicking on text or image buttons
Clickable
Best Score? Go Orange.
2010s Royal Rumble Wrestlers Clickable Stats
Can you pick the 2010s Royal Rumble Wrestlers Clickable
By
zman5150
10m
136 Questions
169 Plays
169 Plays
169 Plays
Comments
Comments
Give Quiz Kudos
Give Quiz Kudos
-
- Ratings
hide this ad
Replay
Link that replays current quiz
Next Quiz
Link to next quiz in quiz playlist
You Got
0%
They Got
Avg Score
72%
Avg Friend Score
Upgrade to see
Score Distribution
Jump to the score distribution portion of the page
Score
0/136
Timer
10:00
0
Plays Today
% Correct
Batista
96.4%
Beth Phoenix
95.3%
Big Show
94.7%
Cody Rhodes
94.7%
CM Punk
93.5%
Chris Jericho
92.9%
Andrade 'Cien' Almas
92.2%
Antonio Cesaro
91.7%
Big E. Langston
91.7%
Big Cass
91.4%
Dolph Ziggler
91.1%
Jack Swagger
91.1%
Alberto Del Rio
91.1%
Booker T
91.1%
Bobby Lashley
90.9%
Evan Bourne
90.5%
R-Truth
90.5%
Alex Riley
90.5%
Baron Corbin
90.5%
Adam Rose
90.4%
AJ Styles
90.1%
John Cena
89.9%
Damien Sandow
89.9%
Bo Dallas
89.9%
Mark Henry
89.3%
Bray Wyatt
89.3%
Adam Cole
88.9%
Edge
88.8%
Kofi Kingston
88.8%
Drew McIntyre
88.8%
John Morrison
88.8%
Kane
88.8%
Randy Orton
88.8%
Chad Gable
88.6%
Bobby Roode
88.6%
Apollo Crews
88.6%
Braun Strowman
88.4%
Rey Mysterio
88.2%
Daniel Bryan
87.6%
Dean Ambrose
87.6%
Fandango
87.6%
The Great Khali
87%
Ezekiel Jackson
87%
David Otunga
87%
Hornswoggle
87%
Santino Marella
87%
% Correct
Jinder Mahal
87%
Jey Uso
87%
Goldust
87%
Darren Young
87%
Luke Harper
87%
JBL
87%
Elias
86.7%
Justin Gabriel
86.4%
Heath Slater
86.4%
Boogeyman
86%
The Miz
85.8%
Kevin Nash
85.8%
Brodus Clay
85.8%
Shinsuke Nakamura
85.6%
Rhyno
85.6%
Kurt Angle
85.2%
JTG
85.2%
Chris Masters
85.2%
MVP
85.2%
Carlito
85.2%
Chavo Guerrero
85.2%
Sheamus
85.2%
Michael Cole
85.2%
Seth Rollins
85.2%
Jimmy Uso
85.2%
Rusev
85.2%
Erick Rowan
85.2%
Triple H
84.6%
Matt Hardy
84.6%
Roman Reigns
84.6%
Hurricane
84.4%
Kevin Owens
84.3%
Neville
84.3%
Ted DiBiase
84%
Primo
84%
Enzo Amore
83.8%
Shelton Benjamin
83.4%
Michael McGillicutty
83.4%
Jerry Lawler
83.4%
Mick Foley
83.4%
Epico
83.4%
Bubba Ray Dudley
83.1%
Mike Kanellis
83%
Kalisto
82.9%
Mason Ryan
82.8%
Ryback
82.8%
% Correct
Zack Ryder
82.2%
Sin Cara
82.2%
Titus O'Neil
82.2%
El Torito
82.2%
James Ellsworth
81.9%
Shawn Michaels
81.7%
Kharma
81.7%
Sami Zayn
81%
Jack Gallagher
81%
Mojo Rawley
81%
DDP
80.9%
Dash Wilder
80.7%
Drew Gulak
80.7%
Hunico
80.5%
Godfather
80.5%
Tyson Kidd
79.9%
Wade Barrett
78.7%
Ricardo Rodriguez
78.1%
Finn Balor
78.1%
Tyler Breeze
77.7%
William Regal
77.5%
Shane McMahon
77.3%
Jim Duggan
76.9%
Tensai
76.9%
Vladimir Kozlov
76.3%
Road Dogg
76.3%
Babatunde
76.1%
Yoshi Tatsu
75.7%
Tye Dillinger
75.2%
Tyler Reks
74.6%
Xavier Woods
73.6%
Luke Gallows
73.6%
Tucker Knight
72.7%
Dan Matha
72.7%
Hiroki Sumi
70.5%
Scott Dawson
70.5%
The Undertaker
69.8%
Brock Lesnar
68%
Roderick Strong
67%
Curt Hawkins
66.3%
Tony Nese
65.9%
Konnor
64.5%
Goldberg
57.4%
Viktor
56.2%
Quiz Playlist
Details
Report
Send in Message
Add To Playlist
Clickable:
Select answers by clicking on text or image buttons
Last Updated: Feb 16, 2017
Quiz Scoreboard
CHALLENGE
Sign Up to Join the Scoreboard
Show All
Scores
Hide
Comments
May contain spoilers
Recently Published
An Introduction to Baseball
by treessimontrees
Sports
5m
Movies - When Are They Set?
by FPL_Elf
Movies
5m
Popular People in 1961
by mucciniale
History
6m
More to Explore
Quiz From the Vault
Featured Blog Post
Where Did the Easter Bunny Come From?
hide this ad
You Might Also Like...
Tags
Clickable Quiz
WWE Quiz
2010
2010s
participant
Royal Rumble
Wrestlers
Today's Top Quizzes in Sports
Browse Sports
hide this ad
Today's Top Quizzes in Clickable
Browse Clickable
Top Contributed Quizzes in Sports
1
Les meilleurs buteurs des matchs entre le PSG et l’OM
2
2022 World Cup Stars
3
FIFA Club World Cup Champions
4
Les entraîneurs de l'OM et du PSG au 21e siècle
5
Name the Premier League winners with different clubs
6
La finale Lions - Afrique du Sud 2021
7
Criteria MLB: Left Handed Sluggers
8
Les joueurs passés par le LOSC et le RC Lens
9
Players with Multiple 50 Home Run Seasons
10
MLB Players with Two .350 Batting Average Seasons
Explore More
Trending Topics
Anime
Crossword
Disney
Kpop
Harry Potter
NBA
Marvel
Puzzle
NFL
Country
Soccer
Song
WWE
The Office
Pokémon
hide this ad
More By:
zman5150
Quiz
Plays
Rating
Category
Featured
Created
Survivor Series Teams (Part 3)
14,992
4.79
Sports
Nov 28, 2016
Survivor Series Teams (Part 1)
10,518
4.74
Sports
Nov 23, 2016
Survivor Series Teams (Part 2)
9,069
4.63
Sports
Nov 28, 2016
2019 Men's Royal Rumble (Clickable)
5,965
4.30
Sports
Jan 28, 2019
Royal Rumble 2015 Poster
4,596
4.79
Sports
Nov 27, 2015
Go to Creator's Profile
Score Distribution
Quiz Creator Spotlight
zman5150
Follow
Send a Message
Quizzes Created
-
Created Quiz Play Count
-
More By This Creator
Popular Quizzes Today
1
Find the Countries of Europe - No Outlines Minefield
2
Find the US States - No Outlines Minefield
3
The Countries of the World
4
Popular People in 1961
5
US States
6
1-10 Letter E Words III
7
Find the US States
8
One Thing in Common: World Cities II
More Sports Quizzes
Click the members of The New Breed (ECW)
Quiz Lab
Trending Quizzes
Risky Map Clicking: Least Populous States A-Z
1-10 Letter F Words
1-10 Letter G Words
One Thing in Common: United Kingdom
Risky Map Clicking: Next State Alphabetically
Recently Updated
Leaping Animals
pecheneg
Reality TV Shows (A-Z)
bhenderson79
Rickey Henderson's Hall of Fame Teammates
pecheneg
Champions League XIs: Arsenal
pecheneg
Quick Pick: Celebrities in WWE's Hall of Fame
aduchscher
A-Z Keypad Blitz II
pecheneg
Multiple Oscar Actors
pecheneg
Mystery Phrase Blitz: Oscar 'Best Actors'
pecheneg
F. Scott Fitzgerald Novels
LTH
Pick 3 Villains
ddd62291
Trending Topics
NBA
Kpop
Disney
Marvel
Crossword
Anime
Harry Potter
Country
Soccer
Song
Puzzle
The Office
Pokémon
WWE
NFL
Your Account Isn't Verified!
In order to create a playlist on Sporcle, you need to verify the email address you used during registration. Go to your
Sporcle Settings
to finish the process.
Report this User
Report this user for behavior that violates our
Community Guidelines
.
Details:
Send Report
Go to the Sporcle.com Mobile Site →
Comments